[Event "BL 2425 OSG Baden-Baden - SK Kirchweyhe"]
[Site "?"]
[Date "2025.04.26"]
[Round "14.7"]
[White "Jovanovic, Zoran"]
[Black "Hagner, Bennet"]
[Result "1/2-1/2"]
[WhiteElo "2505"]
[BlackElo "2430"]
[PlyCount "70"]
[EventDate "2025.??.??"]

1. e4 c5 2. Nf3 e6 3. Nc3 Nc6 4. Bb5 Nd4 5. O-O a6 6. Bd3 Nc6 7. Be2 Nd4 8. Bd3 Nc6 9. e5 d5 10. exd6 Bxd6 11. Ne4 Be7 12. Re1 b6 13. b3 Nf6 14. Bb2 O-O 15. Nxf6+ Bxf6 16. Bxf6 Qxf6 17. Be4 Bb7 18. Ne5 Nxe5 19. Bxb7 Ra7 20. Be4 Rd8 21. Qe2 g6 22. g3 h5 23. Rad1 Kg7 24. a4 Rad7 25. Rf1 Ra7 26. Rfe1 Rd4 27. Bg2 Ng4 28. Bf3 Qf5 29. c3 Rd8 30. d4 cxd4 31. Rxd4 Rxd4 32. cxd4 Nf6 33. Kg2 a5 34. Rc1 Rd7 35. Qe5 Qxe5 1/2-1/2

[Event "BL 2425 OSG Baden-Baden - SK Kirchweyhe"]
[Site "?"]
[Date "2025.04.26"]
[Round "14.8"]
[White "Kocharin, Timur"]
[Black "Kovacevic, Aleksandar"]
[Result "1/2-1/2"]
[WhiteElo "2263"]
[BlackElo "2453"]
[PlyCount "148"]
[EventDate "2025.??.??"]

1. e4 c5 2. Nf3 e6 3. d4 cxd4 4. Nxd4 Nf6 5. Nc3 Nc6 6. a3 d6 7. Be3 Be7 8. f3 O-O 9. Qd2 d5 10. O-O-O dxe4 11. Nxc6 bxc6 12. Qxd8 Rxd8 13. Rxd8+ Bxd8 14. Nxe4 Nd5 15. Bd2 Bb6 16. Bd3 Bd7 17. c4 Ne7 18. Bb4 Nf5 19. Nc5 Be8 20. Bxf5 exf5 21. Nd3 f6 22. Kc2 a5 23. Bd6 a4 24. Re1 Bf7 25. c5 Ba5 26. Re7 Bb3+ 27. Kc1 Bf7 28. Nf4 Bd8 29. Rb7 Ba5 30. Ne2 Re8 31. Nd4 f4 32. Rb8 Rxb8 33. Bxb8 Bd5 34. Bxf4 g5 35. Bd6 Kf7 36. Kc2 h5 37. b3 axb3+ 38. Nxb3 Bd8 39. Kc3 g4 40. Nd4 Ba5+ 41. Kd3 gxf3 42. Nxf3 Bb3 43. Nd4 Ba4 44. Bb8 Be1 45. Bg3 Ba5 46. Kc4 Bd2 47. Bd6 Ke8 48. Nf3 Ba5 49. Bf4 Bd1 50. Nd4 Kd7 51. Kd3 Bd8 52. Bd6 Ba5 53. Bg3 Ba4 54. Bh4 Ke7 55. Kc4 Bd2 56. Nf5+ Kf7 57. Nd6+ Kg6 58. Bf2 f5 59. Bd4 h4 60. Bf2 Bf4 61. Bxh4 Bxh2 62. Kb4 Bd1 63. a4 Be2 64. Nc4 Bc7 65. Be1 Kf6 66. a5 Ke6 67. a6 Bb8 68. Bg3 Ba7 69. Bc7 Kd5 70. Ne3+ Ke4 71. Nc4 Kd4 72. Bb6 Bxc4 73. Bxa7 Bxa6 74. g3 Ke5 1/2-1/2

[Event "BL 2425 Schachfreunde Deizisau - SV Mül"]
[Site "?"]
[Date "2025.04.26"]
[Round "14.1"]
[White "Navara, David"]
[Black "Kollars, Dmitrij"]
[Result "1/2-1/2"]
[WhiteElo "2665"]
[BlackElo "2623"]
[PlyCount "114"]
[EventDate "2025.??.??"]

1. d4 Nf6 2. c4 e6 3. Nf3 d5 4. Nc3 Bb4 5. Qa4+ Nc6 6. e3 O-O 7. Qc2 b6 8. cxd5 exd5 9. Bd3 Ne7 10. a3 Bxc3+ 11. Qxc3 Bf5 12. Bxf5 Nxf5 13. O-O Rc8 14. b3 Ne4 15. Qd3 c5 16. dxc5 Qf6 17. Bd2 Nxc5 18. Qxd5 Rfd8 19. Qc4 Qe6 20. Qxe6 fxe6 21. Rab1 Rd3 22. Rfc1 Nd6 23. Kf1 Rxb3 24. Rxb3 Nxb3 25. Rxc8+ Nxc8 26. Ke2 a5 27. Bc3 Nd6 28. Ng5 Nc5 29. Bd4 Ndb7 30. f4 b5 31. Bc3 h6 32. Nf3 Na6 33. Bd2 b4 34. axb4 axb4 35. Kd3 Nd6 36. Kc2 Nc4 37. Kb3 Nxd2+ 38. Nxd2 Kf7 39. Kc4 Kf6 40. e4 g5 41. g3 gxf4 42. gxf4 Kg6 43. Kb5 Nb8 44. Kxb4 Nd7 45. Kc4 Kh5 46. Kd4 Kg4 47. Ke3 Nb6 48. Nb3 Nc4+ 49. Kd4 Kxf4 50. Kxc4 Kxe4 51. Nd4 e5 52. Nc6 Kf3 53. Nxe5+ Kg2 54. h4 Kg3 55. Ng6 Kg4 56. Kd5 Kh5 57. Ne5 Kxh4 1/2-1/2

[Event "BL 2425 Schachfreunde Deizisau - SV Mül"]
[Site "?"]
[Date "2025.04.26"]
[Round "14.2"]
[White "Bluebaum, Matthias"]
[Black "Fridman, Daniel"]
[Result "1/2-1/2"]
[WhiteElo "2662"]
[BlackElo "2582"]
[PlyCount "142"]
[EventDate "2025.??.??"]

1. c4 e6 2. Nc3 b6 3. d4 Bb7 4. a3 Nf6 5. d5 Bd6 6. Nf3 O-O 7. Bg5 h6 8. h4 exd5 9. cxd5 Qe7 10. Qd4 Na6 11. Bxf6 Qxf6 12. Qxf6 gxf6 13. Nd4 Be5 14. Nf5 Kh7 15. e3 Nc5 16. Rd1 Rae8 17. Nd4 f5 18. g3 Ne4 19. Nde2 Nxc3 20. bxc3 Ba6 21. Nd4 Bxf1 22. Kxf1 Bxd4 23. cxd4 Rc8 24. Kg2 c6 25. dxc6 Rxc6 26. Rb1 d5 27. a4 a6 28. Kf3 Kg7 29. Kf4 Re8 30. f3 Kf6 31. Rhc1 Ree6 32. h5 Red6 33. Rxc6 Rxc6 34. g4 fxg4 35. Kxg4 b5 36. axb5 Rb6 37. e4 dxe4 38. fxe4 Rxb5 39. Rf1+ Ke7 40. d5 Rb2 41. Ra1 Rg2+ 42. Kf4 Rg5 43. Rxa6 Rxh5 44. Ra7+ Ke8 45. Rb7 Rg5 46. Rb8+ Kd7 47. Rh8 Rh5 48. Rg8 Kd6 49. Rd8+ Ke7 50. Ra8 Rg5 51. e5 Rg1 52. Ra7+ Ke8 53. Ke4 Rg4+ 54. Kf5 Rg5+ 55. Ke4 Rg4+ 56. Ke3 h5 57. Ra8+ Kd7 58. Rf8 Ke7 59. Rh8 h4 60. d6+ Kd7 61. Kf3 Rd4 62. Ke3 Rg4 63. Rf8 Rg7 64. Kf3 h3 65. Rh8 f6 66. exf6 Rf7 67. Rh6 h2 68. Kg2 Kxd6 69. Kxh2 Ke5 70. Kg3 Rxf6 71. Rxf6 Kxf6 1/2-1/2

[Event "BL 2425 Schachfreunde Deizisau - SV Mül"]
[Site "?"]
[Date "2025.04.26"]
[Round "14.3"]
[White "Tregubov, Pavel V."]
[Black "Gledura, Benjamin"]
[Result "0-1"]
[WhiteElo "2551"]
[BlackElo "2666"]
[PlyCount "111"]
[EventDate "2025.??.??"]

1. d4 Nf6 2. c4 e6 3. Nc3 Bb4 4. e3 O-O 5. Bd3 d5 6. a3 Bxc3+ 7. bxc3 dxc4 8. Bxc4 c5 9. Ne2 Nc6 10. Ng3 Bd7 11. O-O e5 12. Rb1 Re8 13. d5 Na5 14. Be2 e4 15. c4 b6 16. f3 Nb7 17. fxe4 Nd6 18. e5 Rxe5 19. Bb2 Qe7 20. Bxe5 Qxe5 21. Qd3 Re8 22. e4 h5 23. Rbe1 g6 24. Qf3 Kg7 25. Qf4 Bc8 26. Qxe5 Rxe5 27. Bd3 Ba6 28. Rc1 Nd7 29. Rfe1 Re7 30. Nh1 Ne5 31. Nf2 Bxc4 32. Bxc4 Ndxc4 33. Rc3 Nd6 34. Kf1 c4 35. a4 a6 36. Rb1 Nd7 37. Re3 Kf6 38. g4 h4 39. g5+ Ke5 40. Ke2 Kd4 41. Kf3 Ne5+ 42. Kf4 Kc5 43. Ra3 b5 44. axb5 axb5 45. Ke3 b4 46. Ra5+ Nb5 47. d6 Rb7 48. Rd1 Nd7 49. Rd5+ Kc6 50. Nd1 c3 51. Kd3 Nc5+ 52. Rxc5+ Kxc5 53. e5 Kc6 54. Ra6+ Kd5 55. Ne3+ Kxe5 56. Nc4+ 0-1

[Event "BL 2425 Schachfreunde Deizisau - SV Mül"]
[Site "?"]
[Date "2025.04.26"]
[Round "14.4"]
[White "Kamsky, Gata"]
[Black "Zelbel, Patrick"]
[Result "1-0"]
[WhiteElo "2603"]
[BlackElo "2484"]
[PlyCount "67"]
[EventDate "2025.??.??"]

1. e4 c5 2. Nc3 d6 3. Bc4 e6 4. Nf3 Nf6 5. O-O a6 6. Re1 b5 7. Bf1 Bb7 8. d3 Nbd7 9. a4 b4 10. Nb1 Be7 11. Nbd2 O-O 12. c3 Qc7 13. a5 bxc3 14. bxc3 h6 15. g3 d5 16. e5 Nh7 17. d4 Rfc8 18. Bd3 cxd4 19. cxd4 Ng5 20. Nxg5 Bxg5 21. Nb3 Be7 22. Bd2 Bc6 23. Qg4 Kf8 24. Re3 Bb5 25. Bxb5 axb5 26. Rf3 Ra6 27. Qh5 f6 28. Re1 Qd8 29. Bxh6 gxh6 30. Qxh6+ Kf7 31. Qh7+ Kf8 32. g4 f5 33. gxf5 exf5 34. e6 1-0

[Event "BL 2425 Schachfreunde Deizisau - SV Mül"]
[Site "?"]
[Date "2025.04.26"]
[Round "14.5"]
[White "Feygin, Michael"]
[Black "Banusz, Tamas"]
[Result "1/2-1/2"]
[WhiteElo "2449"]
[BlackElo "2592"]
[PlyCount "66"]
[EventDate "2025.??.??"]

1. e4 c5 2. Nf3 Nc6 3. Nc3 e5 4. Bc4 Be7 5. d3 d6 6. Nd2 Nf6 7. Nf1 Nd7 8. Ne3 Nb6 9. Bb3 O-O 10. O-O Bg5 11. Ned5 Bxc1 12. Rxc1 Kh8 13. f4 f5 14. Qh5 Nd4 15. Ne3 Bd7 16. Rce1 Be8 17. Qd1 exf4 18. Nxf5 Nxf5 19. Rxf4 Bc6 20. Ref1 g6 21. exf5 Qg5 22. Ne4 Bxe4 23. dxe4 c4 24. Qxd6 cxb3 25. fxg6 Rxf4 26. Rxf4 Qxg6 27. Rf8+ Rxf8 28. Qxf8+ Qg8 29. Qf6+ Qg7 30. Qd8+ Qg8 31. Qd4+ Qg7 32. Qd8+ Qg8 33. Qd4+ Qg7 1/2-1/2

[Event "BL 2425 Schachfreunde Deizisau - SV Mül"]
[Site "?"]
[Date "2025.04.26"]
[Round "14.6"]
[White "Dautov, Rustem"]
[Black "Hausrath, Daniel"]
[Result "1-0"]
[WhiteElo "2554"]
[BlackElo "2445"]
[PlyCount "73"]
[EventDate "2025.??.??"]

1. d4 d5 2. c4 e6 3. Nc3 Be7 4. Nf3 Nf6 5. Bf4 O-O 6. e3 c5 7. dxc5 Bxc5 8. cxd5 Nxd5 9. Nxd5 exd5 10. a3 Nc6 11. Bd3 Bd6 12. Bxd6 Qxd6 13. O-O Qf6 14. b4 Bg4 15. Be2 Rad8 16. b5 Ne5 17. Nd4 Bxe2 18. Qxe2 Rc8 19. Rfd1 Rc3 20. a4 Rfc8 21. a5 g6 22. a6 b6 23. h3 R8c5 24. Rab1 Kg7 25. Rb3 Rc1 26. f4 Rxd1+ 27. Qxd1 Nc4 28. Nc6 Na5 29. Nxa5 bxa5 30. b6 a4 31. Rb4 a3 32. b7 a2 33. Ra4 Rb5 34. Rxa2 Qe6 35. Qd4+ Kh6 36. Kh2 Rb6 37. Rb2 1-0

[Event "BL 2425 Schachfreunde Deizisau - SV Mül"]
[Site "?"]
[Date "2025.04.26"]
[Round "14.7"]
[White "Dinstuhl, Volkmar"]
[Black "Graf, Alexander"]
[Result "0-1"]
[WhiteElo "2376"]
[BlackElo "2518"]
[PlyCount "56"]
[EventDate "2025.??.??"]

1. b3 e5 2. Bb2 d6 3. c4 g6 4. Nc3 Bg7 5. g3 Nf6 6. Bg2 O-O 7. Nf3 Re8 8. O-O c6 9. e4 a5 10. d4 exd4 11. Nxd4 Nbd7 12. Qc2 Nc5 13. Rad1 Qb6 14. Rfe1 a4 15. bxa4 Ng4 16. Nf3 Ne5 17. Nxe5 dxe5 18. Rb1 Ne6 19. Ba3 Nd4 20. Qd3 Qa6 21. Bf1 Bg4 22. Be2 Nxe2+ 23. Nxe2 Red8 24. Qc2 Qxa4 25. Rb3 Be6 26. Rc1 b5 27. Be7 Re8 28. Nc3 Qa7 0-1

[Event "BL 2425 Schachfreunde Deizisau - SV Mül"]
[Site "?"]
[Date "2025.04.26"]
[Round "14.8"]
[White "Koellner, Ruben Gideon"]
[Black "Gungl, Theo"]
[Result "1-0"]
[WhiteElo "2499"]
[BlackElo "2334"]
[PlyCount "61"]
[EventDate "2025.??.??"]

1. d4 d5 2. Nf3 Nf6 3. Bf4 c5 4. e3 Nc6 5. Nbd2 e6 6. c3 Be7 7. Bd3 O-O 8. Ne5 Nxe5 9. dxe5 Nd7 10. h4 f5 11. h5 c4 12. Bc2 b5 13. g4 Nc5 14. gxf5 exf5 15. Nf3 Be6 16. Rg1 Qb6 17. Nd4 Rf7 18. Nxf5 Bxf5 19. Bxf5 Rxf5 20. Qxd5+ Kh8 21. Qxa8+ Rf8 22. Qg2 Nd3+ 23. Kf1 Rf7 24. Rd1 Bf8 25. Rxd3 cxd3 26. Qd5 Qb7 27. Qxb7 Rxb7 28. Ke1 b4 29. Kd2 bxc3+ 30. Kxc3 d2 31. a3 1-0

[Event "BL 2425 SV Deggendorf - SV Werder Bremen"]
[Site "?"]
[Date "2025.04.26"]
[Round "14.1"]
[White "Ivic, Velimir"]
[Black "Indjic, Aleksandar"]
[Result "0-1"]
[WhiteElo "2623"]
[BlackElo "2644"]
[PlyCount "130"]
[EventDate "2025.??.??"]

1. e4 c5 2. Nf3 d6 3. d4 cxd4 4. Nxd4 Nf6 5. Nc3 a6 6. Bg5 Nbd7 7. Qe2 Qc7 8. O-O-O e6 9. g4 h6 10. Bd2 b5 11. a3 Rb8 12. f4 b4 13. axb4 Rxb4 14. Be1 Qb6 15. Nb3 Nc5 16. Nd2 Na4 17. Bf2 Qc6 18. Nxa4 Qxa4 19. Kb1 Bb7 20. Bg2 Nxe4 21. Nxe4 Bxe4 22. Bd4 Rxd4 23. Rxd4 Qxd4 24. Bxe4 d5 25. Bg2 Qxf4 26. Bxd5 Qd6 27. Rd1 Be7 28. Bb7 Qc7 29. Bxa6 O-O 30. Bb5 Ra8 31. c3 Bf6 32. Rd7 Qa5 33. Qd3 Rb8 34. c4 Ra8 35. Kc2 Qa1 36. Rd4 Qg1 37. Rd6 Qa1 38. Rd4 Qg1 39. Rd6 Qxh2+ 40. Qd2 Qg1 41. Qd1 Qg2+ 42. Rd2 Qe4+ 43. Kb3 Qe3+ 44. Rd3 Qf2 45. Rd2 Qe3+ 46. Rd3 Qa7 47. Kc2 Qf2+ 48. Rd2 Qg3 49. Kb1 Ra7 50. Kc2 g6 51. Kb1 Kg7 52. Kc2 Qf4 53. Qe2 Ra1 54. Rd1 Ra2 55. Rb1 Qg3 56. Qd3 Qg2+ 57. Qd2 Rxb2+ 58. Rxb2 Qxd2+ 59. Kxd2 Bxb2 60. c5 Ba3 61. c6 Bd6 62. Ke3 Kf6 63. Ke4 Kg5 64. Be2 Bc7 65. Bd1 Kh4 0-1

[Event "BL 2425 SV Deggendorf - SV Werder Bremen"]
[Site "?"]
[Date "2025.04.26"]
[Round "14.2"]
[White "Ghosh, Diptayan"]
[Black "Aditya Mittal"]
[Result "1/2-1/2"]
[WhiteElo "2573"]
[BlackElo "2550"]
[PlyCount "40"]
[EventDate "2025.??.??"]

1. d4 Nf6 2. c4 e6 3. Nc3 Bb4 4. e3 O-O 5. Bd3 d5 6. a3 Bxc3+ 7. bxc3 dxc4 8. Bxc4 c5 9. Ne2 Qc7 10. Ba2 b6 11. O-O Ba6 12. Re1 Nc6 13. Ng3 Rfd8 14. Rb1 Rac8 15. Rb2 cxd4 16. cxd4 Ne5 17. Rd2 Nd3 18. Rxd3 Qxc1 19. Qxc1 Rxc1 20. Rxc1 Bxd3 1/2-1/2

[Event "BL 2425 SV Deggendorf - SV Werder Bremen"]
[Site "?"]
[Date "2025.04.26"]
[Round "14.3"]
[White "Efimenko, Zahar"]
[Black "Sankalp Gupta"]
[Result "1-0"]
[WhiteElo "2570"]
[BlackElo "2548"]
[PlyCount "159"]
[EventDate "2025.??.??"]

1. Nf3 d5 2. d4 Nf6 3. e3 e6 4. Bd3 b6 5. O-O Bb7 6. b3 Nbd7 7. Bb2 Bd6 8. c4 O-O 9. Nc3 a6 10. a4 Re8 11. Re1 Bb4 12. Qe2 c5 13. Red1 cxd4 14. exd4 dxc4 15. bxc4 Qc7 16. Rac1 Qf4 17. Qe3 Bd6 18. Qxf4 Bxf4 19. Rb1 Bc7 20. h3 Rad8 21. Ba1 Ba8 22. c5 a5 23. Nb5 Bb8 24. cxb6 Nxb6 25. Bc3 Bxf3 26. gxf3 Nxa4 27. Bxa5 Nd5 28. Bxd8 Rxd8 29. Rdc1 Nf4 30. Bf1 Nb6 31. Nc3 Nbd5 32. Nxd5 Nxd5 33. Rb7 g6 34. h4 Kg7 35. Rcb1 Bd6 36. Ra1 Kf6 37. Raa7 Ne7 38. Rd7 Rxd7 39. Rxd7 Ba3 40. Bd3 h5 41. Be4 Nc8 42. Kf1 Ne7 43. Ke2 Ng8 44. f4 Kg7 45. Kf3 Be7 46. d5 exd5 47. Bxd5 Kf8 48. Rb7 Nh6 49. Kg3 Nf5+ 50. Kh3 Nh6 51. Be4 Bf6 52. f3 Kg7 53. Rb5 Ng8 54. f5 Ne7 55. fxg6 fxg6 56. Rb7 Kf7 57. Bd5+ Kf8 58. Be6 Be5 59. Rd7 Bf6 60. f4 Bc3 61. Rd8+ Kg7 62. Re8 Bf6 63. Kg3 Nf5+ 64. Bxf5 gxf5 65. Re6 Kf7 66. Ra6 Kg7 67. Rb6 Kf7 68. Rb1 Kg7 69. Rh1 Kf7 70. Kf3 Ke6 71. Ke3 Kd5 72. Kd3 Ke6 73. Kc4 Bd8 74. Re1+ Kf7 75. Re5 Kg6 76. Kd5 Bc7 77. Ke6 Bd8 78. Rxf5 Bxh4 79. Rd5 Bf6 80. Rxh5 1-0

[Event "BL 2425 SV Deggendorf - SV Werder Bremen"]
[Site "?"]
[Date "2025.04.26"]
[Round "14.4"]
[White "Krivoborodov, Egor"]
[Black "Hracek, Zbynek"]
[Result "1-0"]
[WhiteElo "2540"]
[BlackElo "2538"]
[PlyCount "69"]
[EventDate "2025.??.??"]

1. d4 d5 2. Bf4 c5 3. c3 Nc6 4. e3 Nf6 5. Nd2 Bf5 6. Qb3 Qc8 7. c4 e6 8. Ngf3 cxd4 9. Nxd4 Bb4 10. Nxf5 Bxd2+ 11. Kxd2 exf5 12. cxd5 Qd7 13. Rd1 Qxd5+ 14. Qxd5 Nxd5 15. Bg3 Ke7 16. Bd3 Kf6 17. Ke2 Rhd8 18. f4 Ke6 19. Kf3 Nf6 20. Bh4 h6 21. Bb5 Rac8 22. Rxd8 Nxd8 23. Rd1 Nc6 24. h3 g5 25. Be1 g4+ 26. hxg4 fxg4+ 27. Ke2 Ne4 28. Bh4 Nd6 29. Ba4 b5 30. Bb3+ Nc4 31. e4 f6 32. Rd5 a6 33. f5+ Ke7 34. Bxc4 bxc4 35. e5 1-0

[Event "BL 2425 SV Deggendorf - SV Werder Bremen"]
[Site "?"]
[Date "2025.04.26"]
[Round "14.5"]
[White "Babula, Vlastimil"]
[Black "Petrov, Martin"]
[Result "1/2-1/2"]
[WhiteElo "2493"]
[BlackElo "2538"]
[PlyCount "40"]
[EventDate "2025.??.??"]

1. d4 Nf6 2. c4 e6 3. Nc3 Bb4 4. g3 O-O 5. Bg2 d5 6. Nf3 dxc4 7. O-O Nc6 8. a3 Bxc3 9. bxc3 Rb8 10. Bg5 h6 11. Bh4 Ne7 12. Bxf6 gxf6 13. Nd2 b5 14. e4 Bb7 15. Qh5 Kg7 16. Rfe1 f5 17. exf5 Nxf5 18. Bxb7 Rxb7 19. Ne4 Rb6 20. Nc5 Rg8 1/2-1/2

[Event "BL 2425 SV Deggendorf - SV Werder Bremen"]
[Site "?"]
[Date "2025.04.26"]
[Round "14.6"]
[White "Bogosavljevic, Boban"]
[Black "Wachinger, Nikolas"]
[Result "1/2-1/2"]
[WhiteElo "2483"]
[BlackElo "2452"]
[PlyCount "44"]
[EventDate "2025.??.??"]

1. Nf3 d5 2. d4 Nf6 3. g3 Bf5 4. Bg2 h6 5. c4 e6 6. Qb3 Nc6 7. O-O Nb4 8. Na3 dxc4 9. Qxc4 Be4 10. Bd2 a5 11. Bxb4 axb4 12. Nc2 Qd5 13. Ne3 Qxc4 14. Nxc4 Be7 15. Rfc1 O-O 16. Ncd2 Bxf3 17. Bxf3 c6 18. a3 bxa3 19. bxa3 Rfd8 20. e3 Rxa3 21. Nc4 Rxa1 22. Rxa1 c5 1/2-1/2

[Event "BL 2425 SV Deggendorf - SV Werder Bremen"]
[Site "?"]
[Date "2025.04.26"]
[Round "14.7"]
[White "Grigorian, Spartak"]
[Black "Delchev, Aleksander"]
[Result "1/2-1/2"]
[WhiteElo "2432"]
[BlackElo "2455"]
[PlyCount "62"]
[EventDate "2025.??.??"]

1. d4 Nf6 2. c4 e6 3. Nc3 Bb4 4. Qc2 d5 5. cxd5 exd5 6. Bg5 h6 7. Bh4 g5 8. Bg3 Nc6 9. e3 h5 10. Bd3 h4 11. Be5 Bxc3+ 12. Qxc3 Ne4 13. Bxe4 Nxe5 14. Bc2 Nc4 15. h3 c6 16. Nf3 g4 17. hxg4 Bxg4 18. Ne5 Nxe5 19. dxe5 Qg5 20. Qd4 O-O-O 21. f3 Bf5 22. Bxf5+ Qxf5 23. O-O-O Rdg8 24. Rh2 h3 25. gxh3 Qxf3 26. Qxa7 Qg3 27. Rc2 Qxe5 28. a4 Rxh3 29. e4 Rgh8 30. exd5 Rh1 31. Rcd2 Rxd1+ 1/2-1/2

[Event "BL 2425 SV Deggendorf - SV Werder Bremen"]
[Site "?"]
[Date "2025.04.26"]
[Round "14.8"]
[White "Sedlak, Nikola"]
[Black "Colbow, Collin"]
[Result "0-1"]
[WhiteElo "2452"]
[BlackElo "2422"]
[PlyCount "70"]
[EventDate "2025.??.??"]

1. e4 c5 2. d3 Nc6 3. g3 g6 4. Bg2 Bg7 5. Nf3 Nf6 6. O-O O-O 7. Re1 d6 8. Nc3 e5 9. Bg5 h6 10. Bxf6 Bxf6 11. Nd5 Bg7 12. c3 Kh7 13. Nd2 Ne7 14. a4 Nxd5 15. exd5 h5 16. a5 Bh6 17. Nc4 f5 18. b4 cxb4 19. cxb4 Qf6 20. a6 b5 21. Na5 h4 22. gxh4 Qxh4 23. Qc2 f4 24. Qc7+ Bg7 25. Re4 Bh3 26. Qc1 Qg5 27. Qf1 f3 28. Rh4+ Qxh4 29. Bxh3 e4 30. Re1 exd3 31. Be6 d2 32. Rd1 Be5 33. Qh3 Qxh3 34. Bxh3 Bc3 35. Nc6 Rf4 0-1

[Event "BL 2425 FC Bayern München - FC St. Paul"]
[Site "?"]
[Date "2025.04.26"]
[Round "14.1"]
[White "Christiansen, Johan-Sebastian"]
[Black "Tabatabaei, M. Amin"]
[Result "0-1"]
[WhiteElo "2658"]
[BlackElo "2661"]
[PlyCount "174"]
[EventDate "2025.??.??"]

1. e4 e5 2. Nf3 Nc6 3. d4 exd4 4. Nxd4 Nf6 5. Nxc6 bxc6 6. Bd3 d5 7. exd5 cxd5 8. O-O Be7 9. c4 d4 10. Qf3 Rb8 11. Nd2 O-O 12. Nb3 c5 13. Bf4 Rb6 14. Rfe1 h6 15. Be5 Ng4 16. Bg3 Nf6 17. Be5 Re8 18. Qg3 Qd7 19. Re2 Bf8 20. Rae1 Nh5 21. Qf3 g6 22. Qd5 Rd8 23. Qxd7 Rxd7 24. h3 Ra6 25. Bh2 Nf6 26. Be5 Nh5 27. Bh2 Ng7 28. Re5 Ne6 29. Bxg6 Rxa2 30. Bf5 Rb7 31. Nxc5 Bxc5 32. Rxc5 Nxc5 33. Bxc8 Re7 34. Rd1 Rxb2 35. Bd6 Re8 36. Bf5 Ne4 37. c5 Nxd6 38. cxd6 Rb4 39. d7 Rd8 40. Ra1 d3 41. Kf1 Rd4 42. Ke1 d2+ 43. Kd1 Rd5 44. g4 a5 45. Ra4 Kf8 46. Rc4 Ke7 47. Re4+ Kd6 48. Rc4 h5 49. f3 Ke7 50. Re4+ Kf8 51. Rc4 Ke7 52. Re4+ Kd6 53. Rc4 h4 54. f4 Rc5 55. Rd4+ Rd5 56. Rc4 Ke7 57. Re4+ Kf8 58. Rc4 f6 59. Rc6 Ke7 60. Rc4 Rxf5 61. gxf5 Rxd7 62. Re4+ Kf7 63. Rc4 Rd3 64. Rc7+ Kg8 65. Ra7 Rxh3 66. Kxd2 Ra3 67. Ke2 h3 68. Kf2 Ra2+ 69. Kg1 a4 70. Kh1 a3 71. Kg1 Kf8 72. Kh1 Ke8 73. Kg1 Kd8 74. Kh1 Kc8 75. Kg1 Kb8 76. Ra4 Kc7 77. Kh1 Kc6 78. Kg1 Kb5 79. Ra8 Kb4 80. Rb8+ Kc4 81. Ra8 Kd4 82. Kh1 Ke4 83. Kg1 Kxf5 84. Kh1 Kxf4 85. Kg1 f5 86. Kh1 Kg3 87. Rg8+ Kf3 0-1

[Event "BL 2425 FC Bayern München - FC St. Paul"]
[Site "?"]
[Date "2025.04.26"]
[Round "14.2"]
[White "Santos Latasa, Jaime"]
[Black "Bjerre, Jonas Buhl"]
[Result "1/2-1/2"]
[WhiteElo "2616"]
[BlackElo "2636"]
[PlyCount "105"]
[EventDate "2025.??.??"]

1. e4 c5 2. Nf3 d6 3. d4 cxd4 4. Nxd4 Nf6 5. Nc3 a6 6. Be3 e5 7. Nb3 Be6 8. f3 h5 9. Nd5 Bxd5 10. exd5 Nbd7 11. Qd2 g6 12. O-O-O Bg7 13. Kb1 Rc8 14. Be2 O-O 15. h3 h4 16. Qb4 Qc7 17. c3 b5 18. Na5 Nb6 19. Bxb6 Qxb6 20. Nc6 Nxd5 21. Rxd5 Rxc6 22. Rhd1 Qf2 23. R5d2 Qg3 24. Bf1 Rd8 25. Qe4 Rb6 26. Qe3 Rbb8 27. Rxd6 Rxd6 28. Rxd6 e4 29. Rd2 b4 30. cxb4 Rxb4 31. a3 Rb8 32. Qxe4 Qg5 33. Rc2 Qf6 34. Qe2 a5 35. Qd2 Rd8 36. Qc1 Qf5 37. Ka2 Bh6 38. Qb1 Rd4 39. Bc4 Qf4 40. Qf1 a4 41. Qe2 Kh7 42. Bd3 Qb8 43. Bc4 Qb7 44. Kb1 Qd7 45. Ka2 Qf5 46. Bb5 Bg7 47. Bc4 Qd7 48. Bb5 Qb7 49. Bc4 Qd7 50. Bb5 Qd6 51. Bc4 Qd7 52. Bb5 Qb7 53. Bc4 1/2-1/2

[Event "BL 2425 FC Bayern München - FC St. Paul"]
[Site "?"]
[Date "2025.04.26"]
[Round "14.3"]
[White "Socko, Bartosz"]
[Black "Idani, Pouya"]
[Result "1/2-1/2"]
[WhiteElo "2570"]
[BlackElo "2618"]
[PlyCount "99"]
[EventDate "2025.??.??"]

1. e4 c6 2. d4 d5 3. exd5 cxd5 4. Bd3 Nf6 5. c3 Bg4 6. Qb3 Qc7 7. h3 Bd7 8. Ne2 Nc6 9. Bf4 e5 10. dxe5 Nxe5 11. Bb5 Bxb5 12. Qxb5+ Qd7 13. Qxd7+ Nfxd7 14. O-O Nd3 15. b4 Nf6 16. Rd1 Nxf4 17. Nxf4 O-O-O 18. Nd3 Bd6 19. Nd2 Ne4 20. Rac1 Kb8 21. Kf1 Rc8 22. Nxe4 dxe4 23. Nb2 Bf4 24. Rc2 Be5 25. Na4 Rhd8 26. Rxd8 Rxd8 27. Ke2 Rd3 28. f3 f5 29. fxe4 fxe4 30. Nc5 Rxc3 31. Rxc3 Bxc3 32. b5 Kc7 33. Nxe4 Ba1 34. Kd3 Kb6 35. Kc4 a6 36. bxa6 Kxa6 37. Nc5+ Kb6 38. Kd5 Kc7 39. g4 h6 40. h4 b5 41. h5 Kb6 42. a4 bxa4 43. Nxa4+ Kc7 44. Nc5 Kd8 45. Ke6 Ke8 46. Ne4 Kf8 47. Nd6 Bb2 48. Kf5 Kg8 49. Kg6 Bc3 50. Nf5 1/2-1/2

[Event "BL 2425 FC Bayern München - FC St. Paul"]
[Site "?"]
[Date "2025.04.26"]
[Round "14.4"]
[White "Alonso Rosell, Alvar"]
[Black "Janik, Igor"]
[Result "1/2-1/2"]
[WhiteElo "2546"]
[BlackElo "2520"]
[PlyCount "50"]
[EventDate "2025.??.??"]

1. Nf3 Nf6 2. g3 b6 3. Bg2 Bb7 4. c4 c5 5. b3 e6 6. Bb2 Be7 7. O-O O-O 8. d4 cxd4 9. Qxd4 Nc6 10. Qd2 d5 11. cxd5 Nxd5 12. Nc3 Nxc3 13. Bxc3 Qxd2 14. Nxd2 Rac8 15. Rfd1 Ba6 16. e3 Be2 17. Re1 Bd3 18. a3 Rc7 19. Bf1 Rd8 20. Rec1 f6 21. Nc4 Bxf1 22. Kxf1 Rdc8 23. a4 Nd8 24. Ke2 Nb7 25. Be1 e5 1/2-1/2

[Event "BL 2425 FC Bayern München - FC St. Paul"]
[Site "?"]
[Date "2025.04.26"]
[Round "14.5"]
[White "Feuerstack, Aljoscha"]
[Black "Blohberger, Felix"]
[Result "1/2-1/2"]
[WhiteElo "2458"]
[BlackElo "2511"]
[PlyCount "48"]
[EventDate "2025.??.??"]

1. e4 e6 2. d4 d5 3. exd5 exd5 4. h3 Nf6 5. Nf3 Nc6 6. c4 Bb4+ 7. Nc3 O-O 8. a3 Bxc3+ 9. bxc3 Ne4 10. Bd3 Nxc3 11. Qc2 Re8+ 12. Be3 Ne4 13. Rb1 Nf6 14. O-O dxc4 15. Bxc4 Be6 16. d5 Bxd5 17. Rfd1 h6 18. Rxb7 Na5 19. Bxd5 Nxd5 20. Rxa7 Rxe3 21. fxe3 Rxa7 22. Qc5 Ra6 23. Rxd5 Rd6 24. Rxd6 cxd6 1/2-1/2

[Event "BL 2425 FC Bayern München - FC St. Paul"]
[Site "?"]
[Date "2025.04.26"]
[Round "14.6"]
[White "Lokander, Martin"]
[Black "Krause, Benedict"]
[Result "1/2-1/2"]
[WhiteElo "2454"]
[BlackElo "2420"]
[PlyCount "75"]
[EventDate "2025.??.??"]

1. d4 Nf6 2. c4 g6 3. Nc3 d5 4. cxd5 Nxd5 5. e4 Nxc3 6. bxc3 Bg7 7. Nf3 c5 8. Bb5+ Nc6 9. O-O O-O 10. Bxc6 bxc6 11. Qc2 cxd4 12. cxd4 Bg4 13. Ne5 Qxd4 14. Bb2 Qb6 15. Rab1 Bxe5 16. Bxe5 Qa5 17. Bc3 Qc5 18. h4 Rab8 19. Qd2 Rbd8 20. Qb2 Qc4 21. Rfc1 Qe2 22. Qa3 Rd7 23. Bb4 Re8 24. Re1 Qd3 25. Rb3 Qd4 26. Rg3 h5 27. Bc3 Qb6 28. Qc1 e5 29. Qh6 Qd8 30. f3 Rd3 31. Re3 Qb6 32. fxg4 Rxc3 33. gxh5 Rxe3 34. Rxg6+ fxg6 35. Qxg6+ Kf8 36. Qf6+ Kg8 37. Qg6+ Kf8 38. Qf6+ 1/2-1/2

[Event "BL 2425 FC Bayern München - FC St. Paul"]
[Site "?"]
[Date "2025.04.26"]
[Round "14.7"]
[White "Socko, Monika"]
[Black "Girel, Joseph"]
[Result "0-1"]
[WhiteElo "2369"]
[BlackElo "2490"]
[PlyCount "78"]
[EventDate "2025.??.??"]

1. d4 Nf6 2. c4 g6 3. g3 Bg7 4. Bg2 O-O 5. Nf3 d6 6. O-O Nbd7 7. Qc2 e5 8. Rd1 Re8 9. Nc3 e4 10. Ng5 e3 11. fxe3 Ng4 12. Nge4 f5 13. Nf2 Nxf2 14. Kxf2 Nf6 15. Kg1 c6 16. e4 Nxe4 17. Nxe4 fxe4 18. Bxe4 Qe7 19. Bf3 Bf5 20. Qb3 Kh8 21. d5 c5 22. Bd2 Bd4+ 23. e3 Bxe3+ 24. Bxe3 Qxe3+ 25. Qxe3 Rxe3 26. Kf2 Re7 27. Re1 Rf7 28. Re3 Bh3 29. Rg1 h5 30. Ke2 Raf8 31. g4 hxg4 32. Bxg4 Bf1+ 33. Kd2 Bxc4 34. Be6 Rf6 35. b3 Ba6 36. h4 Rf2+ 37. Kc3 Rxa2 38. Rxg6 Rf1 39. b4 Rc1+ 0-1